[Event "Challenge"]
[Site "http://www.queenalice.com/game.php?id=416541"]
[Date "2008.6.12"]
[Round "-"]
[White "ivanelterrible_2006"]
[Black "fluzon"]
[Result "1-0"]
[WhiteElo "1159"]
[BlackElo "1238"]

1. e4 e5 2. Nf3 d6 3. d4 Nf6 4. dxe5 Nxe4 5. Qe2 Bf5 6. Nd4 Bg6 7. Qb5+ Nd7 8.
Qxb7 dxe5 9. Nc6 Qc8 10. Qxc8+ Rxc8 11. Ba6 Bc5 12. Be3 Bb4+ 13. c3 O-O 14. Bxc8
Rxc8 15. Nxb4 Rb8 16. b3 c5 17. Nd5 c4 18. b4 a5 19. f3 Nd6 20. a3 a4 21. Ne7+
Kf8 22. Nxg6+ hxg6 23. Nd2 Ke7 24. O-O Ke6 25. Ne4 Nf5 26. Nc5+ Kd6 27. Rfd1+
Ke7 28. Rxd7+ Kf8 29. Bf2 g5 30. Rad1 g6 31. Rd8+ Rxd8 32. Rxd8+ Ke7 33. Rd2 Nh6
34. Nxa4 g4 35. Nb6 gxf3 36. gxf3 Kf6 37. Nxc4 g5 38. Bg3 Kf5 39. Nxe5 f6 40.
Nc6 g4 41. fxg4+ Kxg4 42. a4 Nf5 43. a5 Ne3 44. a6 f5 45. Ne5+ Kg5 46. Bf2 f4
47. Bxe3 fxe3 48. Rd4 e2 49. Kf2 e1=Q+ 50. Kxe1 Kf5 51. a7 Kxe5 52. a8=Q 1-0

[Event "Challenge"]
[Site "http://www.queenalice.com/game.php?id=416751"]
[Date "2008.6.13"]
[Round "-"]
[White "guizani"]
[Black "fluzon"]
[Result "0-1"]
[WhiteElo "1368"]
[BlackElo "1211"]

1. c3 e5 2. Nh3 Nf6 3. Qb3 Bc5 4. Ng5 O-O 5. e3 d5 6. c4 dxc4 7. Bxc4 Qd7 8. Nc3
Qe7 9. Nb5 Bg4 10. Nc3 e4 11. Ngxe4 Nxe4 12. f3 Bh5 13. fxe4 Nc6 14. Qxb7 Nb4
15. Nd5 Qe5 16. Qc6 Nxc6 17. d4 Qxe4 18. Nc3 Qxg2 19. Bd5 Bf3 20. dxc5 Qxh1+ 21.
Kd2 Qxh2+ 22. Kd3 Nb4+ 23. Kc4 Nxd5 24. Nxd5 Qe5 25. Nf4 Rab8 26. Bd2 Qxb2 27.
Rd1 Qxa2+ 28. Kd3 Qb3+ 29. Kd4 Qxd1 30. Kc3 Rb3+ 31. Kd4 Qxd2+ 32. Ke5 Qxe3+ 0-1

[Event "QA-ANNIV-04"]
[Site "http://www.queenalice.com/game.php?id=418423"]
[Date "2008.6.16"]
[Round "1"]
[White "fluzon"]
[Black "Bernhardur"]
[Result "0-1"]
[WhiteElo "1211"]
[BlackElo "1903"]

1. e4 e6 2. Nf3 c5 3. c4 Nc6 4. Nc3 d6 5. Be2 a6 6. O-O Nf6 7. d3 h6 8. Qa4 Bd7
9. a3 Nd4 10. Qd1 Qc7 11. Nxd4 cxd4 12. Nb1 e5 13. b4 b6 14. a4 Be7 15. Qc2 O-O
16. Nd2 b5 17. Nf3 bxa4 18. Nh4 Rfc8 19. Nf5 Bf8 20. Qd2 Rab8 21. Ba3 Bxf5 22.
exf5 Qd7 23. c5 dxc5 24. bxc5 Bxc5 25. Bf3 Qxf5 26. Qa5 Bxa3 27. Rxa3 Nd7 28.
Qxa4 Nc5 29. Qc4 a5 30. Qd5 a4 31. Re1 Rb3 32. Rxe5 Rb1+ 33. Bd1 Rxd1+ 34. Re1
Rxe1# 0-1

[Event "Challenge"]
[Site "http://www.queenalice.com/game.php?id=421066"]
[Date "2008.6.21"]
[Round "-"]
[White "fluzon"]
[Black "atobler"]
[Result "0-1"]
[WhiteElo "1252"]
[BlackElo "1375"]

1. e4 e5 2. Bc4 Nf6 3. Nf3 Qe7 4. Nc3 Qc5 5. d3 Ng4 6. O-O Nc6 7. Ng5 Nd8 8.
Qxg4 d5 9. Bxd5 Bxg4 10. Be3 Qe7 11. Nxf7 Nxf7 12. Bxb7 Rb8 13. Bc6+ Bd7 14.
Bxa7 Rxb2 15. Ba4 Bxa4 16. Nxa4 Rxc2 17. Nc5 Rxc5 18. Bxc5 Qxc5 19. Rab1 Qa7 20.
Rbc1 Ba3 21. Rc2 O-O 22. h3 Qd4 23. Rc4 Qxd3 24. Rxc7 Qxe4 25. Ra7 Bc5 26. Ra5
Qb4 27. Ra6 Nd6 28. a3 Qd4 29. Ra5 Ne4 30. Kh2 Nd2 31. Rd1 Qf4+ 32. g3 Qxf2+ 33.
Kh1 Qf3+ 34. Kh2 Qe2+ 35. Kh1 Qxd1+ 36. Kg2 Qe2+ 37. Kh1 Rf1# 0-1

[Event "Challenge"]
[Site "http://www.queenalice.com/game.php?id=421087"]
[Date "2008.6.21"]
[Round "-"]
[White "danielporrasarias"]
[Black "fluzon"]
[Result "1-0"]
[WhiteElo "1719"]
[BlackElo "1246"]

1. e4 e5 2. Bc4 Qe7 3. d3 d6 4. h3 Nc6 5. Nf3 Bd7 6. Nc3 Qf6 7. h4 Bg4 8. Bg5
Qg6 9. h5 Qxg5 10. Nxg5 Bxd1 11. Nxf7 Bxc2 12. Nxh8 O-O-O 13. Nf7 Re8 14. Nxd6+
cxd6 15. Bxg8 Nd4 16. O-O d5 17. Bxd5 Bb4 18. Rac1 Bxd3 19. Nb5+ Kb8 20. Rc7
Nxb5 21. Rxb7+ Kc8 22. Rc1+ Kd8 23. Rd1 Be2 24. Rc1 Bd2 25. Rb8+ Ke7 26. Rxe8+
Kxe8 27. Rc5 a6 28. Bb7 Nd6 29. Rxe5+ Kd8 30. Rd5 Bb5 31. Rxd2 Ke7 32. Bd5 Bc4
33. Bxc4 Nxc4 34. Re2 g5 35. hxg6 hxg6 36. e5 Ke6 37. f4 a5 38. g4 a4 39. b3
axb3 40. axb3 Na3 41. Kg2 Nb5 42. Re3 Nd4 43. b4 Nc2 44. Re4 Kd5 45. e6 Kxe4 46.
e7 Nxb4 47. e8=Q+ Kxf4 48. Qb8+ Kxg4 49. Qxb4+ Kf5 50. Qd4 g5 51. Kg3 Kg6 52.
Qe5 Kh5 53. Qe8+ Kh6 54. Kg4 Kg7 55. Kxg5 Kh7 56. Kf6 Kh6 57. Qg6# 1-0

[Event "Challenge"]
[Site "http://www.queenalice.com/game.php?id=421732"]
[Date "2008.6.22"]
[Round "-"]
[White "guizani"]
[Black "fluzon"]
[Result "0-1"]
[WhiteElo "1389"]
[BlackElo "1211"]

1. c3 e5 2. Qb3 Qe7 3. Nf3 Nf6 4. Na3 Qc5 5. Ng5 d5 6. e4 Ng4 7. Nh3 Be7 8. f3
Nh6 9. exd5 O-O 10. Bc4 e4 11. fxe4 Bg4 12. d4 Bh4+ 13. Nf2 Qd6 14. Qxb7 Qf6 15.
g3 Bxg3 16. hxg3 Qf3 17. Qxa8 Qxg3 18. Rxh6 gxh6 19. Bxh6 Qg1+ 20. Bf1 Re8 21.
Qxa7 Qg3 22. Nc4 Rxe4+ 23. Ne3 Rxe3+ 24. Bxe3 Qxe3+ 25. Be2 Qxe2# 0-1

[Event "Challenge"]
[Site "http://www.queenalice.com/game.php?id=424810"]
[Date "2008.6.29"]
[Round "-"]
[White "RicardoFialho"]
[Black "fluzon"]
[Result "1-0"]
[WhiteElo "1270"]
[BlackElo "1241"]

1. e4 e5 2. Nf3 Nf6 3. Nxe5 Be7 4. d3 O-O 5. Ng4 d6 6. Nxf6+ Bxf6 7. Be2 Nc6 8.
Nc3 Nd4 9. Nd5 Be5 10. Bd2 c6 11. Nc3 Qh4 12. h3 b6 13. Rb1 Ba6 14. Bg4 g6 15.
Qc1 f5 16. Bg5 fxg4 17. Bxh4 Bf4 18. Qd1 h5 19. Ne2 Nxe2 20. Qxe2 Rae8 21. Bg3
Bg5 22. Bxd6 Rf6 23. h4 Bh6 24. Bb4 c5 25. Bc3 Rff8 26. Rf1 b5 27. f3 g3 28. Bd2
Bg7 29. Bg5 Rc8 30. Qd2 b4 31. Bh6 Rf7 32. Bxg7 Kxg7 33. Qg5 Re8 34. Qxc5 Bc8
35. Qxb4 g5 36. Qb5 Bd7 37. Qxg5+ Kf8 38. Qxh5 Be6 39. Qc5+ Kg8 40. Qg5+ Kf8 41.
Qxg3 Bxa2 42. Ra1 Be6 43. Qd6+ Ree7 44. Rxa7 Bd7 45. Ke2 Rh7 46. Rfa1 Rxh4 47.
Qf6+ Ke8 48. Qxh4 Kd8 49. Ra8+ Bc8 50. R1a7 Ke8 51. Qxe7# 1-0

[Event "Challenge"]
[Site "http://www.queenalice.com/game.php?id=425798"]
[Date "2008.7.1"]
[Round "-"]
[White "guizani"]
[Black "fluzon"]
[Result "0-1"]
[WhiteElo "1419"]
[BlackElo "1246"]

1. e4 e5 2. Nf3 Be7 3. Nxe5 d6 4. Nc4 Nf6 5. d3 b5 6. Ne3 Nc6 7. Nc3 b4 8. Nb5
Rb8 9. a4 Be6 10. g4 b3 11. c4 Nb4 12. Qxb3 c5 13. g5 Nh5 14. Bd2 Nf4 15. Nc2
Nxc2+ 16. Qxc2 Nh3 17. Nxa7 Bxg5 18. Nc6 Qc7 19. Nxb8 Qxb8 20. Bxg5 Nxg5 21. h4
Nf3+ 22. Ke2 Nd4+ 23. Kd2 Nxc2 24. Kxc2 O-O 25. a5 Qb4 26. b3 Rb8 27. Rb1 f6 28.
Bh3 Bxh3 29. Rxh3 Qxa5 30. Rhh1 g5 31. Ra1 Qb4 32. Rhb1 f5 33. exf5 d5 34. cxd5
Qxh4 35. d6 Qxf2+ 36. Kc1 Qxf5 37. Kd2 Qf4+ 38. Kc3 Qxd6 39. Ra4 Qf6+ 40. Kc4
Rc8 41. Rba1 Qd4+ 42. Kb5 Qxd3+ 43. Rc4 Qxb3+ 44. Ka6 Ra8# 0-1

[Event "QA-ANNIV-04"]
[Site "http://www.queenalice.com/game.php?id=445624"]
[Date "2008.8.8"]
[Round "2"]
[White "fluzon"]
[Black "manoelconstante"]
[Result "0-1"]
[WhiteElo "1278"]
[BlackElo "1446"]

1. e4 Nf6 2. Bd3 Nc6 3. Nf3 a5 4. O-O h5 5. e5 Nd5 6. e6 dxe6 7. Bb5 g6 8. Ne5
Qd6 9. d4 Bg7 10. Qe1 Kf8 11. a4 Nxd4 12. Bd3 Bxe5 13. Qe4 f5 14. Qh4 b6 15. Bg5
Bf6 16. c4 Bxg5 17. Qxg5 Nf4 18. Bxf5 exf5 19. Nc3 Bb7 20. f3 h4 21. h3 Rh5 22.
Ne4 fxe4 23. Qg4 exf3 24. gxf3 Bc8 25. Qxh5 gxh5 26. Rad1 Nxh3+ 27. Kg2 Qg3+ 28.
Kh1 c5 29. f4 Ba6 30. Rc1 Bb7+ 31. Rf3 Bxf3# 0-1

[Event "Desafio"]
[Site "http://www.queenalice.com/game.php?id=445852"]
[Date "2008.8.8"]
[Round "-"]
[White "fluzon"]
[Black "Luke1416"]
[Result "0-1"]
[WhiteElo "1282"]
[BlackElo "1584"]

1. e4 e5 2. Nf3 d6 3. Bb5+ Bd7 4. Bd3 Qe7 5. O-O Bg4 6. Bb5+ c6 7. Ba4 Bxf3 8.
Qxf3 b5 9. Bb3 Nf6 10. a4 a5 11. axb5 cxb5 12. Nc3 Qd7 13. Nd5 Be7 14. Nb6 Qb7
15. Nxa8 Qxa8 16. Qd3 O-O 17. Qe2 b4 18. f4 exf4 19. e5 dxe5 20. Qxe5 Nbd7 21.
Qxf4 Rd8 22. d4 Nb6 23. c4 Bd6 24. Qf5 Be7 25. c5 Nbd5 26. Qe5 Qb8 27. Qe1 Re8
28. Rxa5 Ng4 29. g3 Bh4 30. Qxe8+ Qxe8 31. Bxd5 Bf6 32. Bc6 Qxc6 33. Ra8+ Qxa8
34. Re1 Bxd4+ 35. Kf1 Qf3# 0-1

[Event "QA-ANNIV-04"]
[Site "http://www.queenalice.com/game.php?id=514227"]
[Date "2008.12.29"]
[Round "4"]
[White "Railton"]
[Black "fluzon"]
[Result "0-1"]
[WhiteElo "1746"]
[BlackElo "1269"]

1. e4 e5 2. a3 Nf6 3. Nc3 Nc6 4. d3 Bc5 5. b4 Bd4 6. Bb2 d6 7. Na4 Ng4 8. Bxd4
Nxd4 9. h3 Nxf2 10. Kxf2 Qf6+ 11. Nf3 b5 12. Nc3 c6 13. Be2 Be6 14. Ke1 a5 15.
Rf1 axb4 16. Nb1 b3 17. c4 Nc2+ 0-1

[Event "Challenge"]
[Site "http://www.queenalice.com/game.php?id=519154"]
[Date "2009.1.8"]
[Round "-"]
[White "fluzon"]
[Black "atobler"]
[Result "0-1"]
[WhiteElo "1334"]
[BlackElo "1632"]

1. e4 e5 2. Nf3 Nc6 3. Bc4 Nf6 4. Nc3 h6 5. d3 Bb4 6. a3 Bxc3+ 7. bxc3 d5 8.
exd5 Nxd5 9. Qd2 Bg4 10. Bb2 Bxf3 11. gxf3 O-O 12. O-O-O Nf4 13. d4 Qg5 14. Kb1
a6 15. d5 Na5 16. Ba2 Rad8 17. Rhg1 Qf5 18. c4 Nc6 19. Qe3 Nd4 20. Bxd4 exd4 21.
Rxd4 Nh3 22. Rg3 Rfe8 23. Re4 Kf8 24. Rxg7 Nxf2 25. Qxh6 Rxe4 26. Rg5+ Ke8 27.
Rxf5 Re1+ 28. Kb2 Nd1+ 29. Kc1 Ne3+ 30. Kd2 Nxf5 31. Qh3 Re3 32. Qxf5 Rxa3 33.
Qe5+ Kd7 34. Qb2 Ra5 35. Qxb7 Rxa2 36. Qc6+ Kc8 37. c5 Rb2 38. d6 Rb7 39. Qxa6
Kb8 40. Kc3 cxd6 41. c6 Rb1 42. Kc4 Rh8 43. c7+ Kxc7 44. Qa5+ Rb6 45. Qf5 Rc6+
46. Kd4 Rxh2 47. Qxf7+ Kb6 48. f4 Rd2+ 49. Ke3 Rcxc2 50. f5 Re2+ 51. Kf4 Kc6 52.
f6 d5 53. Qf8 Re4+ 54. Kg5 Rg2+ 55. Kf5 Rf2+ 56. Kg6 Rg4+ 57. Kf7 Rxf6+ 0-1

[Event "Challenge"]
[Site "http://www.queenalice.com/game.php?id=561093"]
[Date "2009.3.24"]
[Round "-"]
[White "fluzon"]
[Black "danielporrasarias"]
[Result "0-1"]
[WhiteElo "1338"]
[BlackElo "1687"]

1. e4 e5 2. Nf3 Bc5 3. Qe2 d6 4. d3 h6 5. Nc3 Nf6 6. Bd2 Bg4 7. O-O-O Nc6 8. Nb5
a6 9. h3 Bxf3 10. gxf3 axb5 11. Kb1 Nd4 12. Qe1 Nxf3 13. Qe2 Nd4 14. Qe3 Nxc2
15. Qg3 Nd4 16. Be3 g5 17. Bxd4 Bxd4 18. f3 Qe7 19. Qe1 Qe6 20. b3 c5 21. Be2 d5
22. h4 O-O 23. hxg5 hxg5 24. Qg3 Nh7 25. Qh3 Qxh3 26. Rxh3 f6 27. Rdh1 Rf7 28.
f4 exf4 29. Bg4 Re8 30. Bf5 Nf8 31. Rh6 Bf2 32. Rh8+ Kg7 33. R1h7+ Nxh7 34. Rxe8
dxe4 35. Bxe4 f5 36. Bf3 g4 37. Bd5 Rd7 38. Rg8+ Kh6 39. Be6 Rxd3 40. Bxf5 Rd1+
41. Kb2 g3 42. Be4 Re1 43. Bxb7 Nf6 44. Rd8 g2 45. Bxg2 Re2+ 46. Ka3 c4 47. Bb7
c3 48. Rc8 c2 49. Kb4 Nd5+ 50. Bxd5 Be3 51. Bf3 Rf2 52. Kxb5 c1=Q 53. Rxc1 Bxc1
54. Bd5 Rxa2 55. b4 Ra3 56. Kc4 f3 57. Bxf3 Rxf3 58. Kc5 Rc3+ 59. Kb5 Kg5 60.
Kb6 Be3+ 61. Kb7 Rb3 62. b5 Kf5 63. b6 Rxb6+ 64. Kc7 Ke6 65. Kc8 Kd6 66. Kd8
Rb8# 0-1

[Event "Copa Oscar Edo."]
[Site "http://www.queenalice.com/game.php?id=604316"]
[Date "2009.6.16"]
[Round "1"]
[White "fluzon"]
[Black "Gamingo"]
[Result "0-1"]
[WhiteElo "1336"]
[BlackElo "1826"]

1. e4 e5 2. Nf3 Nc6 3. c3 Nf6 4. h3 Bc5 5. Bc4 O-O 6. O-O Nxe4 7. d4 d5 8. dxc5
dxc4 9. Qe2 Qd3 10. Re1 Qxe2 11. Rxe2 f5 12. Na3 Be6 13. Ng5 Nxg5 14. Bxg5 h6
15. Nb5 Rfc8 16. Bd2 a6 17. Na3 e4 18. Ree1 Ne5 19. Rf1 Rf8 20. Nc2 Nc6 21. Bf4
Rf7 22. Ne3 Rd8 23. Rfd1 Rxd1+ 24. Rxd1 g5 25. Bh2 f4 26. Ng4 Bxg4 27. hxg4 Ne5
28. Rd4 Rd7 29. g3 f3 30. Kf1 Rxd4 31. cxd4 Nd3 32. Bg1 Nxb2 33. Ke1 Kf7 34. Kd2
Na4 35. Kc2 c3 36. d5 Ke7 37. Kb3 b6 38. c6 Kd6 39. Kc2 Kxd5 40. Kc1 Kd4 41. Kc2
b5 42. a3 a5 43. Bh2 Nc5 44. Kd1 Kd3 45. Kc1 Nb3+ 46. Kb1 c2+ 47. Kb2 a4 48. Ka2
c1=Q 49. Bg1 Qa1# 0-1

[Event "QA-ANNIV-04"]
[Site "http://www.queenalice.com/game.php?id=644167"]
[Date "2009.8.29"]
[Round "6"]
[White "fluzon"]
[Black "yanpom"]
[Result "0-1"]
[WhiteElo "1330"]
[BlackElo "2046"]

1. e4 e5 2. Nf3 Nc6 3. c3 d6 4. h3 Nf6 5. Bd3 Be7 6. Qe2 O-O 7. Bc4 Be6 8. Bxe6
fxe6 9. O-O Qd7 10. d3 Rfe8 11. Na3 a6 12. Nh2 d5 13. Bg5 Rf8 14. Rfd1 Bxa3 15.
bxa3 Qd6 16. Ng4 Nxg4 17. Qxg4 Ne7 18. Bxe7 Qxe7 19. Qg3 Qf6 20. exd5 exd5 21.
Rab1 b6 22. Re1 Rae8 23. Rb4 a5 24. Rb5 Qc6 25. c4 dxc4 26. dxc4 Qxc4 27. Rbxe5
Rxe5 28. Rxe5 Qxa2 29. Re7 Rf7 30. Re8+ Rf8 31. Rxf8+ Kxf8 32. Qxc7 Qxa3 33.
Qxb6 Qc1+ 34. Kh2 Qf4+ 35. g3 Qf5 36. Kg2 Qe4+ 37. Kh2 a4 38. Qa6 Qb4 39. h4 a3
40. Qc8+ Kf7 41. Qd7+ Qe7 42. Qf5+ Kg8 43. Qd5+ Qf7 44. Qa8+ Qf8 45. Qa4 Kh8 46.
f4 h6 47. h5 Qd6 48. Kh3 Qe6+ 49. g4 a2 50. f5 Qe3+ 51. Kh4 Qe1+ 52. Kh3 a1=Q
53. Qxa1 Qxa1 54. Kg3 Qe5+ 55. Kf3 Kg8 56. g5 Qxf5+ 57. Kg3 Qxg5+ 58. Kf3 Qxh5+
59. Ke4 Kf7 60. Kd4 Ke6 61. Ke3 Ke5 62. Kd3 Qf3+ 63. Kc4 Qd5+ 64. Kb4 Qc6 65.
Ka5 Qb7 66. Ka4 Kd4 67. Ka5 Kc4 68. Ka4 Qa6# 0-1

[Event "Copa Oscar Edo."]
[Site "http://www.queenalice.com/game.php?id=644959"]
[Date "2009.8.31"]
[Round "3"]
[White "Osedvr"]
[Black "fluzon"]
[Result "0-1"]
[WhiteElo "1850"]
[BlackElo "1328"]

1. e4 e5 2. Nf3 Nc6 3. Nc3 Be7 4. Bc4 Nf6 5. h3 O-O 6. d3 Nh5 7. a3 d6 8. O-O
Be6 9. Qe2 Nd4 10. Nxd4 exd4 11. Nd5 Bg5 12. Qxh5 Bxc1 13. Raxc1 Bxd5 14. Bxd5
c6 15. Bb3 Qf6 16. Qg4 d5 17. exd5 cxd5 18. Bxd5 Rab8 19. Be4 h6 20. c3 b6 21.
cxd4 Qxd4 22. Rc4 Qxb2 23. a4 Rbd8 24. Qf5 g6 25. Qf3 Qe5 26. d4 Rxd4 27. Rxd4
Qxd4 28. Qf4 f5 29. Bc2 Qxf4 30. g3 Qb4 31. Rb1 Qc3 32. Rc1 Rc8 33. Kg2 Qd2 34.
Bb3+ Kg7 35. Rxc8 Qd7 36. Rc3 a5 37. Re3 Kf6 38. Re6+ Qxe6 39. Bxe6 Kxe6 40. Kf3
Ke5 41. Ke3 Kd5 42. Kd3 Kc5 43. Kc3 b5 44. axb5 Kxb5 45. Kb3 a4+ 46. Ka3 Ka5 47.
f3 g5 48. g4 f4 49. Ka2 Kb4 50. Kb2 a3+ 51. Ka2 Ka4 52. Ka1 Kb3 53. Kb1 a2+ 54.
Ka1 Ka3 55. h4 gxh4 56. g5 h3 57. g6 h2 0-1

[Event "Copa Oscar Edo."]
[Site "http://www.queenalice.com/game.php?id=666422"]
[Date "2009.10.12"]
[Round "4"]
[White "mp3"]
[Black "fluzon"]
[Result "1-0"]
[WhiteElo "1528"]
[BlackElo "1358"]

1. d4 d5 2. Nc3 e6 3. Nf3 Be7 4. e3 Nc6 5. Bd3 Nf6 6. O-O O-O 7. Ne2 Bd6 8. c3
e5 9. dxe5 Bxe5 10. Bb1 Bg4 11. Ned4 Bxd4 12. cxd4 Qd6 13. Qb3 Bxf3 14. gxf3 Na5
15. Qd3 Nc4 16. b3 Na3 17. Bxa3 Qxa3 18. f4 g6 19. Qb5 1-0

[Event "QA-ANNIV-04"]
[Site "http://www.queenalice.com/game.php?id=695015"]
[Date "2009.12.9"]
[Round "7"]
[White "fluzon"]
[Black "SalsaQueen"]
[Result "1-0"]
[WhiteElo "1349"]
[BlackElo "1768"]

1. e4 e5 2. Nf3 d6 3. Bc4 h6 4. d3 Nf6 5. h3 Nc6 6. Nc3 a6 7. Be3 d5 8. Bxd5
Nxd5 9. Nxd5 Be6 10. Qe2 f6 11. Nh4 Bxd5 12. Ng6 Rg8 13. exd5 Ne7 14. Qh5 Nxg6
15. Qxg6+ Kd7 16. Qf7+ Be7 17. Qe6+ Ke8 18. Qxg8+ Kd7 19. Qe6+ Ke8 20. O-O Kf8
21. c4 b6 22. a3 a5 23. Bd2 Ra7 24. b4 a4 25. b5 Qd6 26. Bb4 Qxe6 27. dxe6 Bxb4
28. axb4 Ke7 29. Rfe1 Kxe6 30. d4 a3 31. c5 Kd5 32. dxe5 fxe5 33. c6 e4 34. Rec1
g5 35. Kf1 Kd4 36. Ke2 Ra4 37. g3 h5 38. f3 e3 39. f4 gxf4 40. gxf4 1-0

[Event "QA-ANNIV-04"]
[Site "http://www.queenalice.com/game.php?id=762110"]
[Date "2010.4.16"]
[Round "8"]
[White "mauricio_sm"]
[Black "fluzon"]
[Result "1-0"]
[WhiteElo "1985"]
[BlackElo "1379"]

1. e4 e5 2. Nf3 Nc6 3. Bc4 h6 4. O-O Nf6 5. Nc3 a6 6. d3 b5 7. Bb3 Bc5 8. Bd2
Qe7 9. a3 Nd4 10. Nd5 Nxd5 11. Bxd5 c6 12. Ba2 d6 13. h3 Be6 14. Bxe6 Nxe6 15.
b4 Bb6 16. c3 O-O 17. Qe2 d5 18. Nxe5 Rac8 19. Nf3 d4 20. cxd4 Bxd4 21. Rad1
Rfe8 22. Be3 Qd7 23. Nxd4 Nxd4 24. Bxd4 Qxd4 25. Kh1 Rcd8 26. f3 Qc3 27. Ra1
Qxd3 28. Qxd3 Rxd3 29. Rfd1 Red8 30. Rxd3 Rxd3 31. a4 Kf8 32. axb5 axb5 33. Ra7
Ke8 34. Rc7 Rb3 35. Rxc6 Rxb4 36. Rc7 Rb1+ 37. Kh2 b4 38. Kg3 g6 39. Rb7 Rb2 40.
f4 b3 41. f5 g5 42. f6 Re2 43. Kf3 Re1 44. Rxb3 Kd7 45. Rb6 h5 46. Ra6 g4+ 47.
hxg4 hxg4+ 48. Kxg4 Rxe4+ 49. Kf5 Rc4 50. Ra7+ Rc7 51. Rxc7+ Kxc7 52. Ke5 Kc6
53. g4 Kd7 54. g5 Ke8 55. Kd6 Kd8 56. Kc6 Ke8 57. Kc7 Kf8 58. Kd8 Kg8 59. Ke8
Kh7 60. Kxf7 Kh8 61. Ke8 1-0

[Event "QA-ANNIV-04"]
[Site "http://www.queenalice.com/game.php?id=808005"]
[Date "2010.7.24"]
[Round "9"]
[White "mp3"]
[Black "fluzon"]
[Result "1/2-1/2"]
[WhiteElo "1586"]
[BlackElo "1377"]

1. e4 e5 2. Nf3 Nc6 3. Bb5 Nf6 4. a4 Be7 5. d3 a6 6. Bxc6 dxc6 7. b3 h6 8. Bb2
Bb4+ 9. Nbd2 Bd6 10. Bxe5 Bxe5 11. Nxe5 Qe7 12. Nef3 Bg4 13. h3 Bxf3 14. Nxf3
Nd5 15. O-O Nf4 16. c4 c5 17. Qd2 Ng6 18. Rab1 O-O 19. Qc3 Rad8 20. b4 cxb4 21.
Rxb4 b6 22. Rb2 a5 23. Nd4 Qd6 24. Nf5 Qf6 25. Qxf6 gxf6 26. Nxh6+ Kh7 27. Nf5
Rxd3 28. Rc1 Nf4 29. c5 c6 30. Rxb6 Rg8 31. Rxc6 Ne2+ 32. Kh2 Nxc1 33. Rxf6 Rg6
34. Rxf7+ Kg8 35. Ra7 Re6 36. Rxa5 Nb3 37. Rb5 Rxe4 38. a5 Ra4 39. c6 Rc3 40.
Ne7+ Kf7 41. Nd5 Rxc6 42. Rxb3 Rxa5 43. Nb4 Rb5 44. f3 Rcb6 45. Nd5 Rxb3 46.
Nxb6 Rxb6 47. g4 Ke6 48. Kg3 Ke5 49. h4 Rc6 50. h5 Rc2 51. f4+ Ke4 52. f5 Rc3+
53. Kh4 Kf4 54. h6 Rc1 1/2-1/2